书目信息 |
| 题名: |
二胡入门基础教程
|
|
| 作者: | 萧前勇 编著 | |
| 分册: | ||
| 出版信息: | 北京 蓝天出版社 1999.07 |
|
| 页数: | 193页 | |
| 开本: | 26cm | |
| 丛书名: | ||
| 单 册: | ||
| 中图分类: | J632.21 | |
| 科图分类: | ||
| 主题词: | 民族器乐--理论 , 民族乐器--奏法 | |
| 电子资源: | ||
| ISBN: | 7-80081-892-6 | |
| 000 | 00574nam0 2200205 45 | |
| 001 | 0009181678 | |
| 005 | 20040513090511.5 | |
| 010 | @a7-80081-892-6@dCNY18.80 | |
| 100 | @a20000918d1999 km y0chiy0120 ea | |
| 101 | 0 | @achi |
| 105 | @a z 000yy | |
| 200 | 1 | @a二胡入门基础教程@AEr Hu Ru Men Ji Chu Jiao Cheng@f萧前勇编著@FXiao Qian Yong Bian Zhu |
| 210 | @a北京@c蓝天出版社@d1999.07 | |
| 215 | @a193页@d26cm | |
| 606 | 0 | @a民族器乐@x理论 |
| 606 | 0 | @a民族乐器@x奏法 |
| 690 | @aJ632.21@v1 | |
| 701 | 0 | @a萧前勇@4编著 |
| 801 | @aCN@bTSTC@c20000918 | |
| 905 | @dJ632.21@e22 | |
| 二胡入门基础教程/萧前勇编著.-北京:蓝天出版社,1999.07 |
| 193页;26cm |
| ISBN 7-80081-892-6:CNY18.80 |
| ● |
| 相关链接 |
|
|
|
|
正题名:二胡入门基础教程
索取号:J632.21/22
 
预约/预借
| 序号 | 登录号 | 条形码 | 馆藏地/架位号 | 状态 | 备注 |
| 1 | 0290218 | 002902185 | 第一借阅区/ [索取号:J632.21/22] | 在馆 | |
| 2 | 0290219 | 002902194 | 第一借阅区/ [索取号:J632.21/22] | 在馆 | |
| 3 | 0290220 | 002902201 | 第一样本阅览室/ [索取号:J632.21/22] | 在馆 |